[Event "7th Vidmar Memorial"]
[Site "Ljubljana YUG"]
[Date "1987.06.16"]
[Round "11"]
[White "Gostisa, Leon"]
[Black "Grosar, Aljosa"]
[Result "0-1"]
[WhiteElo "2380"]
[BlackElo "2370"]
[EventDate "1987.06.03"]
[PlyCount "118"]

1.d4 Nf6 2.c4 e6 3.Nc3 d5 4.Bg5 Be7 5.e3 O-O 6.Rc1 h6 7.Bh4 b6 8.Bxf6 Bxf6
9.cxd5 exd5 10.Qf3 c6 11.Bd3 Re8 12.Nge2 Be6 13.O-O Nd7 14.Nf4 Nf8 15.Rc2 
Qd6 16.Rfc1 Bd7 17.Qg3 Bg5 18.Nce2 Ne6 19.Nh5 Qxg3 20.Nhxg3 Rad8 21.Rd1 
Bf6 22.Nc3 g6 23.Be2 Bg7 24.Nf1 f5 25.g3 Ng5 26.f3 Nf7 27.Kf2 Nd6 28.Nd2 
g5 29.f4 gxf4 30.gxf4 Ne4+ 31.Ncxe4 fxe4 32.Rg1 Kh7 33.Nb3 Bf6 34.Bg4 Bxg4
35.Rxg4 Rc8 36.Ke2 Re7 37.Rg1 Rec7 38.Rd2 Rd8 39.Rc2 Be7 40.Rgc1 Rdc8 41.
Rg1 Bf6 42.Rd2 Rd7 43.Rc2 Rg7 44.Rxg7+ Kxg7 45.Rc1 Kf7 46.Kf2 Ke6 47.Ke2 
Rc7 48.a4 Kd6 49.Rg1 Rg7 50.Rxg7 Bxg7 51.Na1 c5 52.Nc2 a5 53.Kd2 Ke6 54.
Ke2 Kf5 55.b3 cxd4 56.exd4 Kxf4 57.Ne3 Bxd4 58.Nxd5+ Ke5 59.Ne7 Bc5 0-1

[Event "7th Vidmar Memorial"]
[Site "Ljubljana YUG"]
[Date "1987.06.16"]
[Round "11"]
[White "Vera Gonzalez, Reynaldo"]
[Black "Jelen, Iztok"]
[Result "1/2-1/2"]
[WhiteElo "2470"]
[BlackElo "2430"]
[EventDate "1987.06.03"]
[PlyCount "35"]

1.d4 d5 2.c4 e6 3.Nc3 c5 4.cxd5 exd5 5.Nf3 Nc6 6.e3 Nf6 7.Be2 Be7 8.O-O 
O-O 9.dxc5 Bxc5 10.b3 a6 11.Bb2 Ba7 12.Rc1 Re8 13.Rc2 Be6 14.Rd2 Qe7 15.
Qb1 Rad8 16.Rfd1 Bg4 17.Ng5 Bxe2 18.Rxe2 1/2-1/2

[Event "7th Vidmar Memorial"]
[Site "Ljubljana YUG"]
[Date "1987.06.16"]
[Round "11"]
[White "Sifrer, Darko"]
[Black "Psakhis, Lev"]
[Result "0-1"]
[WhiteElo "2355"]
[BlackElo "2575"]
[EventDate "1987.06.03"]
[PlyCount "78"]

1.Nf3 Nf6 2.g3 d5 3.Bg2 c6 4.O-O Bg4 5.d3 Nbd7 6.Re1 e5 7.e4 dxe4 8.dxe4 
Bc5 9.Nc3 O-O 10.h3 Bh5 11.Be3 Qc7 12.Qe2 Bb4 13.Bd2 a5 14.a3 Bc5 15.Be3 
b5 16.Bxc5 Nxc5 17.Qe3 Ne6 18.Ne2 Nd7 19.c3 f6 20.Rad1 Nb6 21.Nd2 Rfd8 22.
g4 Bf7 23.Nf1 Nc4 24.Qc1 Nc5 25.Qc2 a4 26.Nc1 Rxd1 27.Rxd1 Rd8 28.Bf3 Ne6 
29.Rxd8+ Qxd8 30.Be2 Nf4 31.Kh2 h5 32.Nd3 Nxa3 33.bxa3 Bb3 34.Qd2 Nxe2 35.
Qxe2 Bc4 36.gxh5 Qxd3 37.Qxd3 Bxd3 38.Nd2 c5 39.f3 Bc2 0-1

[Event "7th Vidmar Memorial"]
[Site "Ljubljana YUG"]
[Date "1987.06.17"]
[Round "12"]
[White "Mencinger, Vojko"]
[Black "Psakhis, Lev"]
[Result "1/2-1/2"]
[WhiteElo "2385"]
[BlackElo "2575"]
[EventDate "1987.06.03"]
[PlyCount "38"]

1.e4 e6 2.d4 d5 3.Nc3 Bb4 4.e5 Ne7 5.a3 Bxc3+ 6.bxc3 c5 7.Qg4 O-O 8.Nf3 
Nbc6 9.Bd3 f5 10.exf6 Rxf6 11.Bg5 Rf7 12.Qh5 g6 13.Qh4 c4 14.Be2 Qa5 15.
Bd2 Nf5 16.Qg5 Bd7 17.g4 Nd6 18.h4 Ne4 19.Qe3 Raf8 1/2-1/2

[Event "7th Vidmar Memorial"]
[Site "Ljubljana YUG"]
[Date "1987.06.17"]
[Round "12"]
[White "Sokolov, Ivan"]
[Black "Sifrer, Darko"]
[Result "1/2-1/2"]
[WhiteElo "2425"]
[BlackElo "2355"]
[EventDate "1987.06.03"]
[PlyCount "63"]

1.d4 d5 2.c4 e6 3.Nc3 Be7 4.cxd5 exd5 5.Bf4 c6 6.e3 Bd6 7.Bxd6 Qxd6 8.Bd3 
Ne7 9.Qc2 g6 10.Qb3 Nd7 11.Nf3 O-O 12.O-O Nf6 13.Ne5 Rb8 14.Qc2 Ng4 15.Nf3
Nf6 16.Rab1 a5 17.h3 Bf5 18.Ne5 Nd7 19.Bxf5 Nxf5 20.Nd3 Qe7 21.a4 Nd6 22.
b4 axb4 23.Rxb4 Nc4 24.Re1 f5 25.Qb3 Nf6 26.Rc1 Rf7 27.Rc2 g5 28.Re2 g4 
29.Nf4 gxh3 30.Nxh3 Rg7 31.Nf4 Kh8 32.Qb1 1/2-1/2

[Event "7th Vidmar Memorial"]
[Site "Ljubljana YUG"]
[Date "1987.06.17"]
[Round "12"]
[White "Jelen, Iztok"]
[Black "Polajzer, Danilo"]
[Result "1/2-1/2"]
[WhiteElo "2430"]
[BlackElo "2375"]
[EventDate "1987.06.03"]
[PlyCount "32"]

1.d4 Nf6 2.c4 b6 3.Nc3 Bb7 4.Qc2 e6 5.e4 Bb4 6.Bd3 c5 7.a3 cxd4 8.axb4 
dxc3 9.Nf3 cxb2 10.Bxb2 d6 11.O-O Nbd7 12.e5 Ng4 13.exd6 Bxf3 14.gxf3 Nxh2
15.Kxh2 Qh4+ 16.Kg2 Qg5+ 1/2-1/2

[Event "7th Vidmar Memorial"]
[Site "Ljubljana YUG"]
[Date "1987.06.17"]
[Round "12"]
[White "Grosar, Aljosa"]
[Black "Vera Gonzalez, Reynaldo"]
[Result "1/2-1/2"]
[WhiteElo "2370"]
[BlackElo "2470"]
[EventDate "1987.06.03"]
[PlyCount "48"]

1.e4 e6 2.d4 d5 3.e5 c5 4.c3 Nc6 5.Nf3 Qb6 6.a3 Bd7 7.b4 cxd4 8.cxd4 Rc8 
9.Be2 a5 10.b5 Nxd4 11.Nxd4 Rxc1 12.Qxc1 Qxd4 13.Qc3 Bc5 14.O-O Qxc3 15.
Nxc3 Bd4 16.Rac1 Ne7 17.Na4 Bxe5 18.Nc5 b6 19.Na4 Nc8 20.Rc2 Ke7 21.Rd1 
Na7 22.Nxb6 Rb8 23.Nxd7 Kxd7 24.a4 Nc8 1/2-1/2

[Event "7th Vidmar Memorial"]
[Site "Ljubljana YUG"]
[Date "1987.06.17"]
[Round "12"]
[White "Dizdar, Goran"]
[Black "Hulak, Krunoslav"]
[Result "1/2-1/2"]
[WhiteElo "2505"]
[BlackElo "2540"]
[EventDate "1987.06.03"]
[PlyCount "23"]

1.Nf3 Nf6 2.g3 g6 3.Bg2 Bg7 4.O-O O-O 5.c4 c5 6.Nc3 Nc6 7.d3 d6 8.Bd2 Bd7 
9.a3 Qc8 10.Qc1 Bh3 11.Bh6 Bxg2 12.Kxg2 1/2-1/2

[Event "7th Vidmar Memorial"]
[Site "Ljubljana YUG"]
[Date "1987.06.17"]
[Round "12"]
[White "Boensch, Uwe"]
[Black "Xu Jun"]
[Result "1-0"]
[WhiteElo "2530"]
[BlackElo "2495"]
[EventDate "1987.06.03"]
[PlyCount "52"]

1.d4 Nf6 2.c4 e6 3.Nf3 b6 4.a3 Bb7 5.Nc3 d5 6.cxd5 exd5 7.Bf4 Bd6 8.Bg3 a6
9.e3 O-O 10.Rc1 Qe7 11.Bd3 Nbd7 12.Bh4 Qe8 13.Qb3 Qe6 14.O-O Rfe8 15.Ne2 
Ne4 16.Bxe4 dxe4 17.Qxe6 Rxe6 18.Nd2 c5 19.Nc4 Rc8 20.Rfd1 Bf8 21.Nf4 Ree8
22.dxc5 Nxc5 23.Nxb6 Rc6 24.Nc4 Ne6 25.Nxe6 Rcxe6 26.Na5 Bc8 1-0

[Event "7th Vidmar Memorial"]
[Site "Ljubljana YUG"]
[Date "1987.06.19"]
[Round "13"]
[White "Xu Jun"]
[Black "Mencinger, Vojko"]
[Result "1/2-1/2"]
[WhiteElo "2495"]
[BlackElo "2385"]
[EventDate "1987.06.03"]
[PlyCount "50"]

1.Nf3 Nf6 2.c4 g6 3.g3 Bg7 4.Bg2 O-O 5.O-O d6 6.d4 Nc6 7.Nc3 Bf5 8.d5 Nb8 
9.Nd4 Bd7 10.h3 c5 11.Nc2 Na6 12.e4 Nc7 13.a4 e5 14.dxe6 Bxe6 15.Qd3 Nfe8 
16.Be3 Qc8 17.Kh2 Bd7 18.Rad1 Bc6 19.b3 a6 20.f4 f5 21.exf5 Bxg2 22.Kxg2 
gxf5 23.Rfe1 b6 24.Bf2 Rf7 25.Nd5 Nxd5 1/2-1/2

[Event "7th Vidmar Memorial"]
[Site "Ljubljana YUG"]
[Date "1987.06.19"]
[Round "13"]
[White "Hulak, Krunoslav"]
[Black "Boensch, Uwe"]
[Result "1/2-1/2"]
[WhiteElo "2540"]
[BlackElo "2530"]
[EventDate "1987.06.03"]
[PlyCount "20"]

1.Nf3 Nf6 2.g3 b6 3.Bg2 Bb7 4.O-O e6 5.c4 Be7 6.b3 O-O 7.Bb2 c5 8.d4 cxd4 
9.Nxd4 Bxg2 10.Kxg2 Qc8 1/2-1/2

[Event "7th Vidmar Memorial"]
[Site "Ljubljana YUG"]
[Date "1987.06.19"]
[Round "13"]
[White "Gostisa, Leon"]
[Black "Dizdar, Goran"]
[Result "1/2-1/2"]
[WhiteElo "2380"]
[BlackElo "2505"]
[EventDate "1987.06.03"]
[PlyCount "86"]

1.d4 Nf6 2.c4 e6 3.Nf3 d5 4.Nc3 Bb4 5.cxd5 exd5 6.Bg5 h6 7.Bxf6 Qxf6 8.
Qa4+ Nc6 9.e3 O-O 10.Be2 a6 11.O-O Be6 12.Rac1 Rfe8 13.Qc2 Rad8 14.Na4 Bf5
15.Qb3 Bd6 16.Nc5 Bc8 17.a3 Na5 18.Qa4 Nc4 19.Bxc4 dxc4 20.Qxc4 b6 21.Nd3 
Bb7 22.Nfe5 c5 23.b4 cxd4 24.exd4 Bxe5 25.Nxe5 Rc8 26.Qa2 Rxc1 27.Rxc1 Qg5
28.f4 Qxf4 29.Rd1 Rc8 30.Qd2 Qe4 31.Nf3 Rc2 32.Qd3 Qxd3 33.Rxd3 Bd5 34.Ne1
Ra2 35.Rc3 Rd2 36.Rc8+ Kh7 37.Rb8 Re2 38.Nf3 Ra2 39.Rxb6 Rxa3 40.Kf2 g5 
41.Rd6 Ra2+ 42.Ke3 Ra3+ 43.Kf2 Be4 1/2-1/2

[Event "7th Vidmar Memorial"]
[Site "Ljubljana YUG"]
[Date "1987.06.19"]
[Round "13"]
[White "Vera Gonzalez, Reynaldo"]
[Black "Csom, Istvan"]
[Result "1/2-1/2"]
[WhiteElo "2470"]
[BlackElo "2485"]
[EventDate "1987.06.03"]
[PlyCount "33"]

1.d4 Nf6 2.Nf3 e6 3.g3 b6 4.Bg2 Bb7 5.c4 Be7 6.Nc3 Ne4 7.Bd2 Bf6 8.O-O c5 
9.d5 Nxd2 10.Nxd2 e5 11.Nde4 O-O 12.d6 Bxe4 13.Nxe4 Nc6 14.Nxf6+ Qxf6 15.
Bxc6 dxc6 16.Qd3 Rad8 17.Rad1 1/2-1/2

[Event "7th Vidmar Memorial"]
[Site "Ljubljana YUG"]
[Date "1987.06.19"]
[Round "13"]
[White "Polajzer, Danilo"]
[Black "Grosar, Aljosa"]
[Result "0-1"]
[WhiteElo "2375"]
[BlackElo "2370"]
[EventDate "1987.06.03"]
[PlyCount "82"]

1.d4 Nf6 2.Nf3 e6 3.e3 c5 4.Bd3 b6 5.O-O Bb7 6.b3 Be7 7.Bb2 Nc6 8.a3 O-O 
9.Nbd2 Rc8 10.Qe2 d6 11.Rfd1 Re8 12.Rac1 Rc7 13.Nf1 Bf8 14.Ng3 cxd4 15.
exd4 Ne7 16.c4 Ng6 17.Bb1 Qa8 18.Re1 d5 19.Qe3 dxc4 20.bxc4 Bd6 21.Ne5 
Bxg2 22.f3 Bh3 23.Ne4 Bxe5 24.dxe5 Nh5 25.Qg5 Nhf4 26.Nd6 Rf8 27.Re4 Qd8 
28.Qg3 Bf5 29.Rxf4 Bxb1 30.Rxb1 Nxf4 31.Qxf4 f6 32.exf6 gxf6 33.Kh1 e5 34.
Qg4+ Rg7 35.Qe6+ Kh8 36.Rg1 Re7 37.Qd5 Rd7 38.Rd1 Qe7 39.f4 e4 40.f5 e3 
41.Nf7+ Qxf7 0-1

[Event "7th Vidmar Memorial"]
[Site "Ljubljana YUG"]
[Date "1987.06.19"]
[Round "13"]
[White "Sifrer, Darko"]
[Black "Jelen, Iztok"]
[Result "1/2-1/2"]
[WhiteElo "2355"]
[BlackElo "2430"]
[EventDate "1987.06.03"]
[PlyCount "33"]

1.d4 d5 2.c4 e6 3.Nc3 c5 4.cxd5 exd5 5.Nf3 Nc6 6.g3 Nf6 7.Bg2 Be7 8.O-O 
O-O 9.b3 Ne4 10.Bb2 Bf6 11.Na4 Re8 12.Rc1 cxd4 13.Nxd4 Bxd4 14.Bxd4 Bf5 
15.Nc5 Qe7 16.e3 Rad8 17.a3 1/2-1/2

[Event "7th Vidmar Memorial"]
[Site "Ljubljana YUG"]
[Date "1987.06.19"]
[Round "13"]
[White "Psakhis, Lev"]
[Black "Sokolov, Ivan"]
[Result "1/2-1/2"]
[WhiteElo "2575"]
[BlackElo "2425"]
[EventDate "1987.06.03"]
[PlyCount "37"]

1.d4 Nf6 2.Nf3 g6 3.c3 Bg7 4.Bg5 O-O 5.Nbd2 d5 6.e3 Nbd7 7.b4 Re8 8.Be2 e5
9.O-O c6 10.c4 Qb6 11.Qb3 exd4 12.Nxd4 c5 13.bxc5 Nxc5 14.Qxb6 axb6 15.
cxd5 Nxd5 16.Bf3 Nc3 17.Nc4 N5e4 18.Bf4 Ra6 19.a4 1/2-1/2